| 000 | 00451cam a2200181ua 4500 | ||
|---|---|---|---|
| 020 | _cRs 11.00 | ||
| 041 |
_aeng _h |
||
| 082 |
_a631.3 _bKNE/FA |
||
| 100 | _aKneebone, S D . | ||
| 245 |
_aFarm machinery works like this / _cS D Kneebone. _hTextual Documents |
||
| 250 |
_a1 / _b. |
||
| 260 |
_aLondon : _bPheonix House Limited , _c1963. |
||
| 300 | _a56 ; . | ||
| 365 | _aRs 11.00 | ||
| 504 | _a | ||
| 942 | _cBK | ||
| 999 |
_c1410 _d1410 |
||